000 00737nam a22001337a 4500
040 _cRUA
082 _aVEM MAO 2021 B1-530 Or.
100 _aMAO SOKIM,ម៉ៅ សុគីម
245 _aANTIBIOTIC USE AND ANTIMICROBIAL RESISTANCE IN POULTRY PRODUCTION IN KAMPONG SPEU PROVINCE,ការប្រើប្រាស់ឱសថអង់ទីប៊ីយ៉ូទិក និងភាពស៊ាំឱសថប្រឆាំងមេរោគក្នុងផលិតកម្មបក្សីនៅខេត្តកំពង់ស្ពឺ
260 _aphnom penh
_brua
_c2021
300 _aix.46p.
_bill.
_c29cm.
856 _uhttps://drive.google.com/file/d/1OYEwkD1Yi-KUNZWkKyr-UebpdDjxEnxM/view?usp=sharing
942 _cVEM
999 _c21766
_d21766